Häufigste Kindernamen in Deutschland (1900-2012) - Statistiken

Allgemein
  • Dieses Quiz wurde 8.558 mal gespielt
  • Das Durchschnittsergebnis liegt bei 93 aus 226
Antwortstatistiken
Hint Antwort % Korrekt
1900 - w | 1902 - w | 1905 - w | +8 others Anna
69%
1905 - m | 1913 - m | 1914 - m | +28 others Hans
58%
1957 - m | 1958 - m | 1960 - m | +8 others Thomas
58%
2007 - m | 2008 - m | 2009 - m | 2010 - m Leon
57%
2004 - w Marie
57%
1940 - m | 1941 - m | 1942 - m | +2 others Peter
57%
1955 - m | 1956 - m | 1959 - m | +3 others Michael
53%
1991 - w | 1993 - w Lisa
52%
1988 - m | 1989 - m | 1990 - m | +9 others Jan
51%
1996 - m | 2000 - m | 2004 - m | +2 others Lucas/Lukas
51%
1968 - m | 1970 - m Stefan/Stephan
51%
2011 - m | 2012 - m Ben
50%
1974 - m | 1975 - m | 1976 - m | +10 others Christian
49%
1902 - m | 1903 - m | 1912 - m | 1918 - m Karl
48%
1980 - w | 1984 - w | 1985 - w | +4 others Julia
46%
2007 - w | 2008 - w Hannah/Hanna
44%
1991 - m Kevin
43%
2009 - w | 2010 - w | 2011 - w | 2012 - w Mia
41%
1992 - w | 1999 - w Sarah/Sara
40%
1944 - m Klaus
38%
1900 - m | 1904 - m Wilhelm
36%
1995 - w Laura
35%
1957 - w | 1958 - w | 1959 - w | +6 others Sabine
35%
1984 - m Sebastian
33%
1988 - w | 1989 - w Katharina
31%
1976 - w | 1979 - w | 1981 - w | +2 others Stefanie/Stephanie
31%
1951 - m Wolfgang
31%
1962 - w Susanne
29%
1901 - m | 1906 - m | 1907 - m | +4 others Walter
29%
2005 - w Leonie
26%
1904 - w | 1906 - w | 1907 - w | +13 others Gertrud
25%
1940 - w | 1941 - w | 1942 - w | 1943 - w Karin
25%
1947 - w Monika
25%
1975 - w | 1977 - w | 1978 - w Sandra
25%
1967 - w | 1968 - w | 1969 - w Claudia
24%
1923 - w | 1924 - w | 1925 - w | +7 others Ursula
24%
1950 - w Brigitte
23%
1927 - m | 1928 - m | 1930 - m Günter
23%
1933 - w | 1935 - w | 1936 - w | +3 others Helga
23%
1934 - m Horst
23%
1970 - w | 1971 - w | 1972 - w | +2 others Nicole
22%
1922 - w Hildegard
21%
2001 - m Niclas/Niklas
21%
1944 - w | 1945 - w | 1946 - w | +2 others Renate
20%
1934 - w Ingrid
18%
1954 - w | 1955 - w | 1956 - w Angelika
16%
1901 - w Erna
15%
1903 - w Martha
15%
1920 - w Ilse
14%
1951 - w | 1952 - w | 1953 - w Monica
8%
Keine übereinstimmenden Quizze gefunden
Verteilung der Resultate
Anzahl Personen mit jedem Resultat
Perzentil nach korrekt beantworteten Fragen
Ihre Resultats-Entwicklung
Sie haben dieses Quiz noch nicht gespielt